[Event "Krakow Winter op-A"]
[Site "Krakow"]
[Date "2022.01.16"]
[Round "4"]
[White "Saraev, Yaroslav"]
[Black "Pniaczek, Marek"]
[Result "1/2-1/2"]
[WhiteElo "1922"]
[BlackElo "2329"]
[PlyCount "62"]
[EventDate "2022.01.15"]
[EventType "swiss"]
[EventRounds "9"]
[EventCountry "POL"]
[SourceTitle "CBM 206 Extra"]
[Source "ChessBase"]
[SourceDate "2022.03.31"]
[SourceVersion "1"]
[SourceVersionDate "2022.03.31"]
[SourceQuality "1"]

1. d4 Nf6 2. c4 e6 3. g3 c5 4. Nf3 cxd4 5. Nxd4 d5 6. Bg2 e5 7. Nc2 d4 8. f4 Nc6 9. fxe5 Nxe5 10. Qxd4 Qxd4 11. Nxd4 Nxc4 12. b3 Bb4+ 13. Kf1 Nd6 14. Nc2 Bc5 15. Ba3 Bxa3 16. Nbxa3 Bg4 17. Rd1 0-0-0 18. h3 Bh5 19. Bf3 Bg6 20. Kg2 Rhe8 21. Nd4 Nfe4 22. h4 h5 23. Rc1+ Kb8 24. Rhd1 a6 25. Nc4 Nxc4 26. Rxc4 f6 27. Nc6+ bxc6 28. Rxd8+ Rxd8 29. Bxe4 Bxe4+ 30. Rxe4 Kc7 31. Kf3 Rd7 1/2-1/2

[Event "Krakow Winter op-A"]
[Site "Krakow"]
[Date "2022.01.15"]
[Round "1"]
[White "Klementys, Jerzy"]
[Black "Saraev, Yaroslav"]
[Result "0-1"]
[WhiteElo "1561"]
[BlackElo "1922"]
[PlyCount "58"]
[EventDate "2022.01.15"]
[EventType "swiss"]
[EventRounds "9"]
[EventCountry "POL"]
[SourceTitle "CBM 206 Extra"]
[Source "ChessBase"]
[SourceDate "2022.03.31"]
[SourceVersion "1"]
[SourceVersionDate "2022.03.31"]
[SourceQuality "1"]

1. d4 Nf6 2. c4 e6 3. Nc3 d5 4. Nf3 Be7 5. Bg5 0-0 6. e3 h6 7. Bh4 b6 8. cxd5 Nxd5 9. Bxe7 Qxe7 10. Nxd5 exd5 11. Bd3 c5 12. 0-0 Nd7 13. Rc1 Rd8 14. Re1 Bb7 15. b3 Rac8 16. Qe2 cxd4 17. Nxd4 Qa3 18. Nb5 Qxc1 19. Nd6 Qc7 20. Nxc8 Rxc8 21. Bf5 Rd8 22. Qd2 Nc5 23. Rc1 Qe5 24. Bh3 d4 25. Re1 Qg5 26. f4 Qf6 27. exd4 Ne4 28. Qe3 Qxd4 29. Kf1 Ba6+ 0-1

[Event "Kiev Spring op"]
[Site "Kiev"]
[Date "2021.07.15"]
[Round "7"]
[White "Saraev, Yaroslav"]
[Black "Domalchuk Jonasson, Aleksandr"]
[Result "0-1"]
[WhiteElo "1830"]
[BlackElo "2058"]
[PlyCount "110"]
[EventDate "2021.07.10"]
[EventType "swiss"]
[EventRounds "9"]
[EventCountry "UKR"]
[SourceTitle "EXT 2024"]
[Source "ChessBase"]
[SourceDate "2023.10.10"]
[SourceVersion "1"]
[SourceVersionDate "2023.10.10"]
[SourceQuality "1"]

1. Nf3 Nf6 2. g3 d5 3. Bg2 c5 4. 0-0 Nc6 5. d3 g6 6. Nbd2 Bg7 7. e4 0-0 8. Re1 e6 9. a3 a5 10. a4 b6 11. Nf1 dxe4 12. N3d2 Bb7 13. Nxe4 Nd5 14. Ne3 Nxe3 15. Bxe3 Qc7 16. Nc3 Nb4 17. Nb5 Qd7 18. Bxb7 Qxb7 19. c3 Nc6 20. Nd6 Qc7 21. Nc4 Rfd8 22. Qe2 Rd5 23. Ra3 h6 24. Rb3 Rb8 25. Bf4 e5 26. Qe4 Qd8 27. Be3 f5 28. Qg2 Ne7 29. Qf1 g5 30. f4 exf4 31. gxf4 g4 32. Ne5 Bxe5 33. fxe5 Qf8 34. d4 cxd4 35. Bxd4 f4 36. Qg2 Qf5 37. Qe4 Qe6 38. c4 Rd7 39. Qxf4 Rf8 40. Qe3 Rf3 41. Qe4 Rxb3 42. Qa8+ Kg7 43. Rf1 Rf3 44. Rxf3 gxf3 45. Qe4 Qg6+ 46. Qxg6+ Kxg6 47. Bxb6 Kf5 48. Bxa5 Kxe5 49. Bc3+ Kf4 50. Kf2 Nf5 51. c5 Ne3 52. c6 Ng4+ 53. Ke1 f2+ 54. Ke2 Re7+ 55. Kf1 Kf3 0-1